| 000 | 00426pab a2200145 454500 | ||
|---|---|---|---|
| 008 | 180718b2003 xxu||||| |||| 00| 0 eng d | ||
| 100 | _aRoue, Marie | ||
| 245 | _aUS environmental NGOs and the cree: an unnatural alliance for the preservation of nature? | ||
| 260 | _c2003 | ||
| 300 | _ap.619-27. | ||
| 362 | _aDec | ||
| 650 | _aEnvironmental conservation | ||
| 773 | _aInternational Social Science Journal | ||
| 909 | _a59262 | ||
| 999 |
_c59262 _d59262 |
||